<?xml version="1.0" encoding="UTF-8"?>
<record
    xmlns:xsi="http://www.w3.org/2001/XMLSchema-instance"
    xsi:schemaLocation="http://www.loc.gov/MARC21/slim http://www.loc.gov/standards/marcxml/schema/MARC21slim.xsd"
    xmlns="http://www.loc.gov/MARC21/slim">

  <leader>00902nab a2200277   4500</leader>
  <controlfield tag="003">BR-BrBNA</controlfield>
  <controlfield tag="005">20240814160855.0</controlfield>
  <controlfield tag="008">240722b        bl.||||| |||| 00| 0 por d</controlfield>
  <datafield tag="040" ind1=" " ind2=" ">
    <subfield code="a">BR-BrBNA</subfield>
    <subfield code="b">por</subfield>
  </datafield>
  <datafield tag="072" ind1=" " ind2=" ">
    <subfield code="a">F01 ; E71 ; E70</subfield>
    <subfield code="b">0336 ; 0100 ; 1400</subfield>
  </datafield>
  <datafield tag="100" ind1=" " ind2=" ">
    <subfield code="a">Costa, Ant&#xF4;nio</subfield>
  </datafield>
  <datafield tag="245" ind1=" " ind2=" ">
    <subfield code="a">Produ&#xE7;&#xE3;o menor e produtividade em baixa</subfield>
    <subfield code="b">Soja</subfield>
  </datafield>
  <datafield tag="500" ind1=" " ind2=" ">
    <subfield code="a">1 illus.; 2 table</subfield>
  </datafield>
  <datafield tag="650" ind1=" " ind2=" ">
    <subfield code="a">SOJA</subfield>
  </datafield>
  <datafield tag="650" ind1=" " ind2=" ">
    <subfield code="a">PLANTA OLEAGINOSA</subfield>
  </datafield>
  <datafield tag="650" ind1=" " ind2=" ">
    <subfield code="a">LEGUMINOSA</subfield>
  </datafield>
  <datafield tag="650" ind1=" " ind2=" ">
    <subfield code="a">CEREAL</subfield>
  </datafield>
  <datafield tag="650" ind1=" " ind2=" ">
    <subfield code="a">GR&#xC3;O</subfield>
  </datafield>
  <datafield tag="650" ind1=" " ind2=" ">
    <subfield code="a">PRODU&#xC7;&#xC3;O</subfield>
  </datafield>
  <datafield tag="650" ind1=" " ind2=" ">
    <subfield code="a">PREVIS&#xC3;O DE SAFRA</subfield>
  </datafield>
  <datafield tag="650" ind1=" " ind2=" ">
    <subfield code="a">SELO DE QUALIDADE</subfield>
  </datafield>
  <datafield tag="650" ind1=" " ind2=" ">
    <subfield code="a">EXPORTA&#xC7;&#xC3;O</subfield>
  </datafield>
  <datafield tag="773" ind1="0" ind2=" ">
    <subfield code="0">4604</subfield>
    <subfield code="9">317187 </subfield>
    <subfield code="d">Palmas - Tocantins Terranova Gr&#xE1;fica e Editora Jornal&#xED;stica Ltda 2005</subfield>
    <subfield code="o">2024-3811</subfield>
    <subfield code="t">Cerrado Rural Agroneg&#xF3;cios (Brazil)</subfield>
    <subfield code="x">1980-2595</subfield>
    <subfield code="g">v. 3(16) p. 22-23; (Apr 2006)</subfield>
    <subfield code="w">BR2024001990</subfield>
  </datafield>
  <datafield tag="942" ind1=" " ind2=" ">
    <subfield code="c">Anal&#xED;tica</subfield>
  </datafield>
  <datafield tag="999" ind1=" " ind2=" ">
    <subfield code="c">300617</subfield>
    <subfield code="d">300617</subfield>
  </datafield>
</record>
